000 00456nam a2200181Ia 4500
008 240925s9999 xx 000 0 und d
020 _aNA
082 _a624.171 HUR
100 _aHurty ,Walter C.
245 0 _aDynamics of structures
250 _aNA
260 _aNew Jersey:
_bPrintice- Hall Int.
_c,1964.
300 _axi,523p.
_bNA
_fOriginal
500 _aIncludes Index
600 _aElectronic Engineering
650 _aTechnology
942 _cBK
999 _c3855
_d3855